Quizzes
Events
Quiz Creation
Community
Videos
Private Events
Remove Ads
Sign In
Join for FREE
Feedback
Dark Mode
Quiz Categories
Sports
Geography
Music
Movies
Television
Just For Fun
Miscellaneous
History
Literature
Language
Science
Gaming
Entertainment
Religion
Holiday
For Kids
Quiz Lab
Recent
Popular Today
Quiz Kudos Today
Editor Picks
Curator Picks
Quizzes by...
Day
Popularity
Type
Ratings
Length
Year
Community
Subscriptions
Recent Discussions
Orange Saloon
Badges
Playlists
Quests
Create
Leaderboards
Showdown
Live 5
Trivia Bingo
Activity
Puzzle Library
Sporcle Events
Private Events
Virtual Trivia
Globe League
Become a Host
Pub Owners
SporcleCon
Opinionation
Our Games
Videos
Blog
Mobile Apps
Partnerships
Remove Ads and Go Orange
Feedback
Miscellaneous
Crossword
General Knowledge
Baby Names
Logo
Food
Cars
Numbers
Grab Bag
University
College
Popular
Company
Slogans
Restaurants
Justice
Letter
Miscellaneous
Crossword
General Knowledge
Baby Names
Logo
Food
Cars
Numbers
Grab Bag
University
College
Popular
Company
Slogans
Restaurants
Justice
Letter
Random Quiz
Search Sporcle
×
Quiz Lab
Quiz Lab
Miscellaneous
Company
Type in answers that appear in a list
Type in answers that appear in a list
Classic
Best Score? Go Orange.
Fortune's 2013 Most Admired Companies Stats
Can you name the Fortune Magazine 2013 Most Admired Companies?
By
HelloClairice
15m
50 Questions
81 Plays
81 Plays
81 Plays
Comments
Comments
Give Quiz Kudos
Give Quiz Kudos
-
- Ratings
hide this ad
More Info
Replay
Link that replays current quiz
Next Quiz
Link to next quiz in quiz playlist
You Got
0%
They Got
Avg Score
35%
Avg Friend Score
Upgrade to see
Score Distribution
Jump to the score distribution portion of the page
Score
0/50
Timer
15:00
0
Plays Today
Ranking
Company
% Correct
1
Apple
90.1%
2
Google
87.7%
17
Microsoft
84%
27
Wal-Mart Stores
67.9%
35
Samsung Electronics
63%
4
Coca-Cola
61.7%
29
Toyota Motor
60.5%
12
McDonald's
59.3%
14
BMW
56.8%
48
Facebook
56.8%
37
PepsiCo
55.6%
11
General Electric
53.1%
5
Starbucks
49.4%
22
Target
49.4%
3
Amazon.com
46.9%
18
Nike
45.7%
6
IBM
44.4%
25
Exxon Mobil
40.7%
28
J.P. Morgan Chase
38.3%
42
Intel
37%
33
Volkswagen
35.8%
47
eBay
35.8%
26
Boeing
32.1%
32
Nestle
30.9%
8
Berkshire Hathaway
29.6%
Ranking
Company
% Correct
24
Johnson & Johnson
29.6%
15
Proctor & Gamble
28.4%
23
Costco Wholesale
28.4%
9
Walt Disney
27.2%
21
3M
27.2%
7
Southwest Airlines
25.9%
34
Goldman Sachs Group
25.9%
38
Wells Fargo
24.7%
10
FedEx
22.2%
30
UPS
21%
45
Home Depot
19.8%
13
American Express
17.3%
39
Unilever
17.3%
49
Cisco Systems
17.3%
46
Yum! Brands
16%
16
Nordstrom
14.8%
19
Whole Foods Market
14.8%
20
Caterpillar
14.8%
40
Deere
14.8%
31
Singapore Airlines
9.9%
41
DuPont
8.6%
50
Ralph Lauren
8.6%
36
Marriott International
4.9%
43
St. Jude Medical
3.7%
44
Accenture
3.7%
Quiz Playlist
Details
Report
Send in Message
Add To Playlist
More Info:
Fortune Magazine World's Most Admired Companies 2013
Classic:
Type in answers that appear in a list
Quiz Source
Last Updated: Feb 16, 2017
Quiz Scoreboard
CHALLENGE
Sign Up to Join the Scoreboard
Show All
Scores
Hide
Comments
May contain spoilers
Recently Published
Click the 1999 NBA Draft
by nibperrychub
Sports
2m
Alphabetical 'K' Countries by Flag Minefield
by ylime102
Geography
3m
Pick 6: Fruits
by JohnFran
Miscellaneous
15s
More to Explore
Quiz From the Vault
Featured Blog Post
15 Basketball Trivia Facts You Can Be March Mad About
hide this ad
You Might Also Like...
Tags
Company Quiz
business
fortune
Industry
Rankings
Today's Top Quizzes in Miscellaneous
Browse Miscellaneous
hide this ad
Today's Top Quizzes in Company
Browse Company
Top Contributed Quizzes in Miscellaneous
1
Spring Months consonants
2
Pick 6: Vegetables
3
Pick 6: Supreme Pizza
4
Pick 6: University Mascots
5
Four Seasons
6
Guess the 'S' Things in 3 Words
7
The JOE quick-fire general knowledge quiz: Day 166
8
The JOE quick-fire general knowledge quiz: Day 165
9
Guess the 'T' Things in 3 Words
10
Sporcle Acrostic Puzzle XXXV
Explore More
Trending Topics
Harry Potter
Kpop
Disney
Marvel
NBA
Anime
Crossword
NFL
Country
Soccer
Pokémon
WWE
The Office
Song
Puzzle
hide this ad
More By:
HelloClairice
Quiz
Plays
Rating
Category
Featured
Created
Universities with the Best Professor Pay
41,368
4.09
Miscellaneous
Sep 13, 2013
Top Baby Names Around the World
2,998
4.33
Miscellaneous
Sep 18, 2010
Clickable: Soup Nazi Soups
1,387
4.60
Television
Sep 25, 2014
Civil War Who's Who
1,372
4.87
History
Oct 7, 2013
Top Metros for Dining and Drinking
496
2.00
Geography
Sep 16, 2013
Go to Creator's Profile
Score Distribution
Quiz Creator Spotlight
HelloClairice
Follow
Send a Message
Quizzes Created
-
Created Quiz Play Count
-
More By This Creator
Popular Quizzes Today
1
Find the US States - No Outlines Minefield
2
Countries of Asia Without Outlines Minefield
3
Pick 6: Fruits
4
The Countries of the World
5
Alphabetical 'K' Countries by Flag Minefield
6
Find the US States
7
Match the Book to the Film X
8
Click the 1999 NBA Draft
More Miscellaneous Quizzes
All's Well That Ends Well
Quiz Lab
Trending Quizzes
Pick 6: Harry Potter
Pick 6: Mountains
Pick 6: NFL Teams
Pick 6: Movie Franchises
Pick 6: Golfers
Recently Updated
Women's Final Four Teams by Year
bhenderson79
Presidents Quartet II
eogle
Anything But Clue(do)
eogle
Anything But Oceanian Capitals
eogle
Anything But 7
eogle
Anything But Thing
eogle
Word Ladder: February 29
pecheneg
Song Title Questions
pecheneg
Women's NCAA Tournament #1 Seeds
pecheneg
Celebrity Mug Shots
pecheneg
Trending Topics
Crossword
Anime
Harry Potter
Marvel
Disney
Kpop
NBA
Country
Pokémon
WWE
Puzzle
The Office
Soccer
NFL
Song
Your Account Isn't Verified!
In order to create a playlist on Sporcle, you need to verify the email address you used during registration. Go to your
Sporcle Settings
to finish the process.
Report this User
Report this user for behavior that violates our
Community Guidelines
.
Details:
Send Report
Go to the Sporcle.com Mobile Site →
Comments